[Event "EU-ch 4th"]
[Site "Istanbul"]
[Date "2003.06.05"]
[Round "6"]
[White "Aleksandrov, Aleksej"]
[Black "Kotronias, Vasilios"]
[Result "1-0"]
[WhiteElo "2650"]
[BlackElo "2597"]
[Annotator "Finkel,A"]
[PlyCount "77"]
[EventDate "2003.05.30"]
[EventType "swiss"]
[EventRounds "13"]
[EventCountry "TUR"]
[SourceTitle "CBM 096"]
[Source "ChessBase"]
[SourceDate "2003.09.25"]
[SourceVersion "1"]
[SourceVersionDate "2003.09.25"]
[SourceQuality "1"]

1. d4 Nf6 2. Bg5 Ne4 3. Bf4 c5 4. f3 Qa5+ 5. c3 Nf6 6. Nd2 cxd4 7. Nb3 Qb6 8.
Qxd4 Nc6 (8... Qxd4) 9. Qxb6 axb6 10. Nd4 e5 11. Nxc6 exf4 12. Nd4 Bd6 $5 {
This move is a novelty,but it's hardly any better than other moves tried by
black in this position.} (12... Nd5 13. g3 (13. e4 fxe3 14. Bc4 Nc7 15. Nge2
Bc5 16. b4 Bxd4 17. Nxd4 d5 18. Bb3 O-O 19. Ke2 $14 {Goldenberg,R-Pira,D/
Cannes 2000}) 13... g5 14. e4 Ne3 15. Bb5 Bg7 16. Nge2 Kf8 17. Kd2 $16 {
Soffer,R-Mikhalevski,V/Tel Aviv 1994}) (12... d5 13. Kf2 (13. g3 Bd6 14. Nb5
Be5 15. gxf4 Bxf4 16. e3 Be5 17. Bh3 Be6 $15 {Turner,M-Ftacnik,L/Hastings 2000}
) 13... Bc5 (13... Bd6 14. e3 fxe3+ 15. Kxe3 O-O 16. Bb5 {1/2-1/2 Silman,
J-Dzindzichashvili,R/San Francisco 1999/CBM 68 ext (16)}) 14. e3 fxe3+ 15. Kxe3
Bd7 16. Bd3 b5 17. Nge2 b4 $13 {Chakov,P-Georgiev,K/Varna 1995}) (12... Bc5 13.
g3 Nd5 (13... g5 14. Nh3 fxg3 15. hxg3 Rg8 16. Nf2 d5 17. e3 h5 18. a3 Bd7 19.
O-O-O O-O-O $15 {Pert,R-Howell,D/Birmingham 2002}) (13... Bxd4 14. cxd4 Ra4 15.
gxf4 Rxd4 16. e3 Ra4 17. Ne2 O-O 18. Nc3 $16 {Karttunen,M-Nyysti,S/Helsinki
2002}) 14. gxf4 Ne3 15. Kd2 Nxf1+ 16. Rxf1 Rxa2 17. Kc2 d6 18. e4 Be6 $15 {
Wells,P-Shaked,T/London 1997}) (12... g6 13. g3 Bd6 14. Kf2 h5 (14... O-O) 15.
gxf4 Bxf4 16. e3 Be5 17. h4 d5 $13 {Liang Chong-Sasikiran,K/Vung Tau City 1999}
) 13. e4 $1 fxe3 (13... Be5 14. Bc4 d5 15. exd5 Ke7 16. Nge2 Kd6 17. O-O-O Kc5
18. Bb3 Nxd5 $14) 14. Nf5 {Forcing black to face a dilemma which pawn to
protect. in my opinion black has chosen the wrong pawn.} Bc5 $6 {[%csl Ge3]} ({
After cautious} 14... Bf8 15. Nxe3 d5 16. Ne2 Bc5 17. Nd4 Be6 18. Bb5+ $14 {
white would keep slightly better chances, but black would be doing ok too.})
15. Nxg7+ Kf8 16. Nf5 d6 {Keeping square d5 for the knight in case it needs to
get there.} (16... d5 17. Nd4 Bxd4 18. cxd4 Ra4 19. Ke2 Rxd4 20. Kxe3 Rb4 21.
b3 $14) 17. Bd3 (17. Nd4 $6 Bxd4 18. cxd4 Ra4 19. Ke2 $2 Nd5 $17) 17... b5 18.
b4 $1 Bb6 19. Ne2 Be6 (19... Bxf5 20. Bxf5 Ra3 21. Kd1 Ke7 22. Kc2 Rha8 23. Kb2
$14) 20. O-O Bxf5 21. Bxf5 Ra3 22. Bc2 $1 $16 {[%cal Gc2b3]} Nd5 (22... Rxc3 $2
23. Nxc3 e2+ 24. Rf2 Bd4 25. Nxe2 Bxa1 26. Rf1 $18 {[%csl Ra1]}) 23. Bb3 Nxc3
24. Nxc3 e2+ 25. Rf2 Bd4 26. Rc1 e1=Q+ (26... Bxc3 27. Rxe2 Bxb4 28. Rc7 $16)
27. Rxe1 Bxc3 28. Re4 Rxb3 29. axb3 d5 30. Re3 Bxb4 (30... Bd4 31. Rd3 Bxf2+
32. Kxf2 $18) 31. Rc2 Kg7 32. Rd3 Rd8 33. Rd4 Ba5 34. Kf1 Kf6 35. Rc5 Ke5 36.
Rh4 b6 37. Rxb5 Rc8 38. Rh5+ f5 39. g4 1-0

[Event "St Petersburg Summer rapid"]
[Site "St Petersburg"]
[Date "2015.08.30"]
[Round "7"]
[White "Aleksandrov, Aleksej"]
[Black "Amonatov, Farrukh"]
[Result "1-0"]
[WhiteElo "2619"]
[BlackElo "2592"]
[PlyCount "100"]
[EventDate "2015.08.29"]
[EventType "swiss (rapid)"]
[EventRounds "11"]
[EventCountry "RUS"]
[SourceTitle "EXT 2016"]
[Source "ChessBase"]
[SourceDate "2015.10.08"]
[SourceVersion "1"]
[SourceVersionDate "2015.10.08"]
[SourceQuality "1"]

1. d4 Nf6 2. Bg5 Ne4 3. Bf4 d5 4. f3 Nf6 5. Nc3 e6 6. Qd2 c5 7. e3 cxd4 8. exd4
Bb4 9. Bd3 O-O 10. Nge2 b6 11. a3 Bd6 12. Bg5 Ba6 13. Nb5 Bxb5 14. Bxb5 h6 15.
Bh4 a6 16. Bd3 Nbd7 17. O-O Qc7 18. Kh1 Rfe8 19. Rae1 b5 20. c3 Nh5 21. Bb1 Nf4
22. Bg3 Nxe2 23. Bxd6 Qxd6 24. Rxe2 Rab8 25. Qd3 Nf6 26. Qe3 a5 27. g4 b4 28.
axb4 axb4 29. g5 Nh5 30. gxh6 g6 31. f4 bxc3 32. bxc3 Qd8 33. Rg2 Qh4 34. Bd3
Rbc8 35. Bb5 Re7 36. Ba6 Rc6 37. Bb5 Rc8 38. Ba6 Rc6 39. Bb5 Rc8 40. Be2 Nf6
41. f5 Kh7 42. fxg6+ fxg6 43. Bd3 Ne4 44. Rf4 Qh5 45. Bxe4 dxe4 46. h3 Qd1+ 47.
Kh2 Qd3 48. Rxe4 Rxc3 49. Qxd3 Rxd3 50. Reg4 e5 1-0

[Event "Botvinnik Memorial blitz op"]
[Site "St Petersburg"]
[Date "2012.08.24"]
[Round "8"]
[White "Aleksandrov, Aleksej"]
[Black "Yakovich, Yuri"]
[Result "1-0"]
[WhiteElo "2602"]
[BlackElo "2525"]
[PlyCount "57"]
[EventDate "2012.08.24"]
[EventType "swiss (blitz)"]
[EventRounds "11"]
[EventCountry "RUS"]
[SourceTitle "EXT 2013"]
[Source "ChessBase"]
[SourceDate "2012.11.22"]
[SourceVersion "1"]
[SourceVersionDate "2012.11.22"]
[SourceQuality "1"]

1. d4 Nf6 2. Bg5 d5 3. e3 c5 4. c3 Ne4 5. Bf4 Nc6 6. Bd3 Bf5 7. f3 cxd4 8. fxe4
dxe4 9. Bb5 d3 10. Qa4 Qd5 11. c4 Qe6 12. Nc3 g5 13. Nd5 Rc8 14. Nc7+ Rxc7 15.
Bxc7 Bg7 16. O-O-O O-O 17. Nh3 Ne5 18. Nxg5 Qf6 19. Bxe5 Qxe5 20. Rd2 a6 21.
Rf1 Bg6 22. Nh3 axb5 23. Qxb5 Qxh2 24. Nf4 Qg3 25. Qc5 Bf6 26. a3 Kg7 27. Kb1
Bg5 28. Qe5+ f6 29. Ne6+ 1-0

[Event "Eurasian Blitz Chess Cup"]
[Site "Almaty"]
[Date "2016.06.18"]
[Round "12"]
[White "Aleksandrov, Aleksej"]
[Black "Saric, Ivan"]
[Result "1-0"]
[WhiteElo "2577"]
[BlackElo "2660"]
[PlyCount "148"]
[EventDate "2016.06.18"]
[EventType "swiss (blitz)"]
[EventRounds "22"]
[EventCountry "KAZ"]
[SourceTitle "CBM 173 Extra"]
[Source "ChessBase"]
[SourceDate "2016.08.29"]
[SourceVersion "1"]
[SourceVersionDate "2016.08.29"]
[SourceQuality "1"]

1. d4 Nf6 2. Bg5 d5 3. e3 c5 4. Bxf6 gxf6 5. dxc5 Nc6 6. a3 e5 7. Nc3 Be6 8. b4
a5 9. Bb5 Rg8 10. Kf1 Be7 11. Nf3 Kf8 12. Rb1 axb4 13. axb4 Rg4 14. Bxc6 bxc6
15. h3 Rg7 16. g3 Rb8 17. Kg2 Qd7 18. Qd2 Kg8 19. Na4 Kh8 20. Nb6 Qc7 21. c4
dxc4 22. Qc2 Rxb6 23. cxb6 Qxb6 24. Rhd1 Rg8 25. e4 Bxb4 26. Qb2 c5 27. Qc1 Qc6
28. Qh6 Bc8 29. Rd5 Qe6 30. Rbd1 c3 31. Rd8 Ba5 32. Rxg8+ Kxg8 33. Rd5 f5 34.
Qxe6 Bxe6 35. Rxc5 fxe4 36. Rxa5 exf3+ 37. Kxf3 Bxh3 38. Rxe5 c2 39. Rc5 Bf5
40. Kf4 Bg6 41. Ke5 Kg7 42. Rc7 h5 43. f4 Bd3 44. Kd4 Bf5 45. Ke5 Bd3 46. f5
Kh6 47. Kf6 Be4 48. Ke5 Bd3 49. Kf6 Be4 50. Rc4 Bd3 51. Rc3 Be4 52. Rc7 Bd3 53.
Rc8 Kh7 54. Rc3 Be4 55. Rc7 Kh6 56. Rc5 Bd3 57. Rc3 Be4 58. Rc7 Bd3 59. Kxf7
Bxf5 60. Kf6 Be4 61. Rc8 Kh7 62. Kg5 Kg7 63. Rc7+ Kf8 64. Kxh5 Ke8 65. Kg5 Kd8
66. Rc3 Kd7 67. Kf4 Bg6 68. Ke5 Bh7 69. g4 Bg6 70. g5 Bh7 71. Kf6 Be4 72. g6
Kd6 73. g7 Bh7 74. Rxc2 Kd5 1-0

[Event "Speed Chess GP3 2021"]
[Site "chess.com INT"]
[Date "2021.10.02"]
[Round "7"]
[White "Andreikin, D."]
[Black "Zhigalko, S."]
[Result "1-0"]
[WhiteElo "2728"]
[BlackElo "2572"]
[PlyCount "87"]
[EventDate "2021.10.02"]
[SourceVersionDate "2018.05.14"]

1. d4 Nf6 2. Bg5 e6 3. Nd2 h6 4. Bh4 c5 5. e3 b6 6. Ngf3 Bb7 7. c3 Be7 8. Bd3
O-O 9. O-O d6 10. Re1 Nbd7 11. a4 a6 12. e4 Nh5 13. Bxe7 Qxe7 14. Bf1 Rfd8 15.
b4 Nhf6 16. g3 Rac8 17. Qb3 cxd4 18. cxd4 Rc7 19. Rac1 Rdc8 20. Rxc7 Rxc7 21.
Qb2 Qd8 22. Bd3 Qc8 23. Nb3 Rc3 24. Qb1 Nxe4 25. Rxe4 Bxe4 26. Bxe4 Qc4 27.
Nbd2 Rc1+ 28. Kg2 Rxb1 29. Nxc4 Rxb4 30. Nxd6 Kf8 31. Bc2 Ke7 32. Nc8+ Kd8 33.
Nd6 Ke7 34. Ne4 Rb2 35. Bd3 Rb3 36. Bxa6 f5 37. Ned2 Rb4 38. Bb5 Nf6 39. Ne5
Kf8 40. Ndc4 Ne4 41. Nxb6 Rb2 42. Nd3 Ra2 43. Bc4 Ke7 44. Bxa2 1-0

[Event "Speed Chess Super Swiss"]
[Site "chess.com INT"]
[Date "2020.10.03"]
[Round "3"]
[White "Andreikin, D."]
[Black "Motylev, A."]
[Result "1-0"]
[WhiteElo "2726"]
[BlackElo "2641"]
[PlyCount "55"]
[EventDate "2020.10.03"]
[EventType "swiss (blitz)"]
[EventRounds "15"]
[SourceTitle "The Week in Chess 1352"]
[Source "Mark Crowther"]
[SourceDate "2020.10.05"]
[SourceVersion "1"]
[SourceVersionDate "2020.10.05"]
[SourceQuality "2"]

1. d4 Nf6 2. Bg5 d5 3. Nd2 Bf5 4. e3 e6 5. c4 c6 6. Ngf3 Be7 7. Qb3 Qb6 8. c5
Qc7 9. Bf4 Qc8 10. Bd3 Bg6 11. O-O Nbd7 12. h3 b6 13. cxb6 axb6 14. Rfc1 c5 15.
Bb5 O-O 16. a4 c4 17. Qd1 Bb4 18. Nxc4 dxc4 19. Rxc4 Bc5 20. dxc5 bxc5 21. Bd6
Rd8 22. Be7 Qb7 23. Bxd8 Rxd8 24. Rxc5 Be4 25. Rac1 Nd5 26. Bxd7 Qxd7 27. Ne5
Qb7 28. f3 1-0

[Event "Speed Chess Invitational"]
[Site "chess.com INT"]
[Date "2020.10.25"]
[Round "1.5"]
[White "Andreikin, D."]
[Black "Hansen, Eric"]
[Result "1-0"]
[WhiteElo "2726"]
[BlackElo "2606"]
[PlyCount "101"]
[EventDate "2020.10.25"]
[EventType "k.o. (blitz)"]
[EventRounds "4"]
[SourceTitle "The Week in Chess 1355"]
[Source "Mark Crowther"]
[SourceDate "2020.10.26"]
[SourceVersion "3"]
[SourceVersionDate "2020.10.27"]
[SourceQuality "2"]

1. d4 Nf6 2. Bg5 d6 3. Nf3 Nbd7 4. Nc3 c6 5. e4 e5 6. Bc4 Be7 7. O-O O-O 8. a4
b6 9. d5 Bb7 10. Bxf6 Nxf6 11. Qd3 Qc7 12. dxc6 Bxc6 13. Rfe1 Rac8 14. Nd2 Bd7
15. Ba6 Rcd8 16. Nf1 d5 17. exd5 Bc5 18. Ne3 Bd4 19. Nb5 Bxb5 20. Bxb5 Bxb2 21.
Rad1 e4 22. Qb3 Be5 23. g3 Qc5 24. Bc6 g6 25. Kg2 h5 26. Qb5 Bd4 27. Qxc5 Bxc5
28. Nc4 Ng4 29. Rxe4 Nxf2 30. Rde1 Nxe4 31. Rxe4 Kg7 32. a5 f5 33. Re1 f4 34.
axb6 axb6 35. Ra1 f3+ 36. Kf1 Kh6 37. Ne5 Bd4 38. Re1 Bxe5 39. Rxe5 Rd6 40. Kf2
g5 41. c4 g4 42. Re6+ Rf6 43. Re7 Kg6 44. Rb7 Rf7 45. Rxb6 Kg7 46. c5 Rdf6 47.
d6 Re6 48. Rb2 Re5 49. Rc2 Ra7 50. d7 Rxd7 51. Bxd7 1-0

[Event "Speed Chess Invitational"]
[Site "chess.com INT"]
[Date "2020.10.25"]
[Round "1.11"]
[White "Andreikin, D."]
[Black "Hansen, Eric"]
[Result "1-0"]
[WhiteElo "2726"]
[BlackElo "2606"]
[PlyCount "99"]
[EventDate "2020.10.25"]
[EventType "k.o. (blitz)"]
[EventRounds "4"]
[SourceTitle "The Week in Chess 1355"]
[Source "Mark Crowther"]
[SourceDate "2020.10.26"]
[SourceVersion "3"]
[SourceVersionDate "2020.10.27"]
[SourceQuality "2"]

1. d4 Nf6 2. Bg5 d6 3. e3 Nbd7 4. Nd2 e5 5. Bc4 Be7 6. Ne2 O-O 7. c3 b6 8. O-O
Bb7 9. Ng3 h6 10. Bxf6 Nxf6 11. Bd3 Re8 12. Nde4 Bf8 13. Qc2 Nd7 14. a4 a6 15.
Nd2 Nf6 16. Rae1 d5 17. dxe5 Rxe5 18. e4 Qd7 19. Nf3 Rxe4 20. Bxe4 Nxe4 21. Ne5
Qd6 22. Nc4 Qf6 23. Ne3 Bc5 24. Nxd5 Bxd5 25. Nxe4 Bxe4 26. Qxe4 Rf8 27. g3 a5
28. Kg2 g6 29. Re2 h5 30. Rd1 Bd6 31. Qd4 Qf5 32. Qd5 Qg4 33. Re4 Qc8 34. Rde1
Qd7 35. b3 Qd8 36. Qc6 Kg7 37. Re8 Qf6 38. Rxf8 Kxf8 39. Qf3 Qg5 40. Qe4 Kg7
41. Qd4+ f6 42. Qe4 Qc5 43. Re3 Be5 44. Qd3 Bd6 45. c4 Be5 46. Qd7+ Kh6 47. Qe8
Bd6 48. Qh8+ Kg5 49. h4+ Kf5 50. Qc8# 1-0

[Event "Speed Chess Invitational"]
[Site "chess.com INT"]
[Date "2020.10.25"]
[Round "1.7"]
[White "Andreikin, D."]
[Black "Hansen, Eric"]
[Result "1-0"]
[WhiteElo "2726"]
[BlackElo "2606"]
[PlyCount "151"]
[EventDate "2020.10.25"]
[EventType "k.o. (blitz)"]
[EventRounds "4"]
[SourceTitle "The Week in Chess 1355"]
[Source "Mark Crowther"]
[SourceDate "2020.10.26"]
[SourceVersion "3"]
[SourceVersionDate "2020.10.27"]
[SourceQuality "2"]

1. d4 Nf6 2. Bg5 d6 3. Nd2 Nbd7 4. e4 e5 5. c3 Be7 6. Ngf3 O-O 7. Bd3 Nh5 8.
Be3 Nhf6 9. h3 Re8 10. O-O Bf8 11. Re1 c6 12. Qb3 h6 13. Rad1 Qc7 14. a4 b6 15.
Bc4 d5 16. exd5 cxd5 17. Bb5 e4 18. Nh4 a6 19. Bf1 Bb7 20. Nf5 Kh7 21. Rc1 g6
22. Ng3 Bd6 23. Ne2 Qd8 24. c4 Rb8 25. Nc3 Qe7 26. cxd5 Kg7 27. Nc4 Nxd5 28.
Nxd6 Qxd6 29. Nxd5 Bxd5 30. Qa3 Qxa3 31. bxa3 b5 32. axb5 axb5 33. Rb1 Bc4 34.
Rec1 Bxf1 35. Kxf1 Nf6 36. Rc5 Ra8 37. Rb3 Rec8 38. Rxc8 Rxc8 39. Rxb5 Rc2 40.
d5 Kf8 41. Bd4 Nd7 42. d6 f5 43. Rb7 Ke8 44. Ke1 g5 45. Rc7 Ra2 46. Rc8+ Kf7
47. Rh8 Rxa3 48. Rxh6 Rd3 49. Bb2 f4 50. h4 gxh4 51. Rxh4 f3 52. Rf4+ Kg6 53.
Rxe4 fxg2 54. Rg4+ Kf5 55. Rxg2 Rxd6 56. Ke2 Rd5 57. Rg3 Nc5 58. Rf3+ Ke6 59.
Rf6+ Ke7 60. Rc6 Nd7 61. Ba3+ Kf7 62. Bb2 Ne5 63. Ra6 Ng6 64. Ke3 Rf5 65. f3
Nf8 66. Ra7+ Ke8 67. Ba3 Ng6 68. Ke4 Re5+ 69. Kd4 Rf5 70. Ke3 Re5+ 71. Kf2 Rf5
72. Bb2 Ne5 73. Bxe5 Rxe5 74. Kg3 Re7 75. Rxe7+ Kxe7 76. Kg4 1-0

[Event "Titled Tues 6th Oct Final"]
[Site "chess.com INT"]
[Date "2020.10.06"]
[Round "1.1"]
[White "Andreikin, D."]
[Black "Sevian, Samuel"]
[Result "1-0"]
[WhiteElo "2726"]
[BlackElo "2660"]
[PlyCount "143"]
[EventDate "2020.10.06"]
[EventType "k.o. (blitz)"]
[EventRounds "3"]
[SourceTitle "The Week in Chess 1353"]
[Source "Mark Crowther"]
[SourceDate "2020.10.12"]
[SourceVersion "2"]
[SourceVersionDate "2020.10.13"]
[SourceQuality "2"]

1. d4 Nf6 2. Bg5 d5 3. Nd2 c5 4. dxc5 e6 5. e4 Bxc5 6. Qe2 Be7 7. O-O-O Nc6 8.
f4 Qa5 9. Kb1 Nxe4 10. Nxe4 dxe4 11. Qxe4 Bxg5 12. fxg5 Bd7 13. Nf3 O-O-O 14.
Bc4 Qc7 15. Bb3 Ne7 16. Ne5 Bc6 17. Nxc6 Nxc6 18. h4 g6 19. a3 Rxd1+ 20. Rxd1
Rd8 21. Rf1 Nd4 22. Ka2 Kb8 23. h5 a6 24. hxg6 hxg6 25. Qf4 Qxf4 26. Rxf4 Rd7
27. Rf2 Kc7 28. c3 Nf5 29. Bc2 Ne3 30. Kb3 Kd8 31. Be4 Ke7 32. a4 Ng4 33. Rf3
Ne5 34. Rh3 Rc7 35. Rh8 Nd7 36. Kc2 Nc5 37. Rh4 Nxa4 38. Bxg6 Nxc3 39. bxc3
fxg6 40. Rh6 Rc5 41. Rxg6 Kd6 42. Rg8 b5 43. Kd3 Rd5+ 44. Ke4 Ke7 45. Rg7+ Kf8
46. Ra7 Rxg5 47. Rxa6 Rxg2 48. Rxe6 Rg4+ 49. Kd5 Kf7 50. Rc6 Ke7 51. Kc5 Rg5+
52. Kb6 Kd7 53. Rc5 Rg1 54. Rxb5 Kd6 55. c4 Rc1 56. Rd5+ Ke6 57. Rd4 Ke5 58.
Rh4 Kd6 59. Rd4+ Ke5 60. Kc5 Ra1 61. Rd2 Ra8 62. Re2+ Kf6 63. Kb6 Rb8+ 64. Kc7
Rb3 65. c5 Rc3 66. c6 Kf7 67. Kd7 Rd3+ 68. Kc8 Rc3 69. c7 Rc1 70. Rb2 Ke7 71.
Kb8 Kd7 72. Rd2+ 1-0